000 00696nam a22001817a 4500
999 _c371131
_d371131
008 201127b ||||| |||| 00| 0 eng d
040 _aDE-2950
_bger
_cDE-2950
_erda
041 _ager
245 _a76 neue Corona-Fälle an nur einem Tag.
_bPandemie: Am Mittwoch fiel die nächste Rekordmarke. Eine Grundschule ist nach der Schließung zurück im Distanzunterricht.
264 _c2021
653 _aFrankfurt (Oder)
653 _aPandemie / Corona
773 _dFrankfurt (Oder) Märkisches Verlags- und Druckhaus GmbH & Co KG
_tMärkische Oderzeitung
_g32. Jahrgang (2021) Nr. 270 vom 18.11.2021, S. 16
942 _cA